PC hardware essentials : Project manual
The PC Hardware Essentials Project Manual offers a wealth of easy-to-read, practical, and up-to-date activities that reinforce fundamental PC hardware concepts. You will develop the core competencies and skills you'll need in the real world, including how to: Use System Properties to determine...
Đã lưu trong:
| Príomhúdar: | |
|---|---|
| Formáid: | Leabhar |
| Teanga: | Undetermined |
| Foilsithe: |
Hoboken, N.J.
John Wiley & Sons
2008
|
| Ábhair: | |
| Clibeanna: |
Cuir Clib Leis
Gan Chlibeanna, Bí ar an gcéad duine leis an taifead seo a chlibeáil!
|
| Thư viện lưu trữ: | Trung tâm Học liệu Trường Đại học Cần Thơ |
|---|
| LEADER | 01031nam a2200229Ia 4500 | ||
|---|---|---|---|
| 001 | CTU_172136 | ||
| 008 | 210402s9999 xx 000 0 und d | ||
| 020 | |c 903320 | ||
| 082 | |a 621.390288 | ||
| 082 | |b P778 | ||
| 100 | |a Polo, Russell | ||
| 245 | 0 | |a PC hardware essentials : | |
| 245 | 0 | |b Project manual | |
| 245 | 0 | |c Russell Polo | |
| 260 | |a Hoboken, N.J. | ||
| 260 | |b John Wiley & Sons | ||
| 260 | |c 2008 | ||
| 520 | |a The PC Hardware Essentials Project Manual offers a wealth of easy-to-read, practical, and up-to-date activities that reinforce fundamental PC hardware concepts. You will develop the core competencies and skills you'll need in the real world, including how to: Use System Properties to determine basic PC configuration, Remove and replace drives, drive cables, and expansion cards in a PC,... | ||
| 650 | |a Microcomputers,Máy vi tính | ||
| 650 | |x Maintenance and repair,Bảo trì và sửa chữa | ||
| 904 | |i Trọng Hải | ||
| 980 | |a Trung tâm Học liệu Trường Đại học Cần Thơ | ||